000 00543nam a22001817a 4500
005 20251108170601.0
008 250721s2002 xx 000 0 ara d
082 1 4 _a658.3/سال
100 1 _aالسالم، مؤيد
245 1 0 _aإدارة الموارد البشرية :
_bمدخل إستراتيجي /
264 1 _aاربد :
_bعالم الكتب،
_c2002.
300 _a290ص
650 1 7 _aإدارة الأفراد
650 1 7 _aإدارة الأعمال
700 1 _aصالح، عادل
942 _2ddc
_cBK
999 _c44091
_d44091